书目信息 |
| 题名: |
土壤肥料
|
|
| 作者: | 刘新强 , 彭杰 , 支金虎 主编 | |
| 分册: | ||
| 出版信息: | 西安 世界图书出版西安有限公司 2018 |
|
| 页数: | 189页 | |
| 开本: | 26cm | |
| 丛书名: | ||
| 单 册: | ||
| 中图分类: | S158 | |
| 科图分类: | ||
| 主题词: | 土壤肥力--tu rang fei li--高等学校--教材 | |
| 电子资源: | ||
| ISBN: | 978-7-5192-0034-3 | |
| 000 | 01034nam0 2200301 450 | |
| 001 | 012001000625 | |
| 005 | 20131106135712.0 | |
| 010 | @a978-7-5192-0034-3@dCNY26.80 | |
| 099 | @aCAL 012019017606 | |
| 100 | @a20190301d2018 em y0chiy50 ea | |
| 101 | 0 | @achi |
| 102 | @aCN@b610000 | |
| 105 | @aak a 000yy | |
| 106 | @ar | |
| 200 | 1 | @a土壤肥料@Atu rang fei liao@d= Soil and fertilizer@f刘新强, 彭杰, 支金虎主编@zeng |
| 210 | @a西安@c世界图书出版西安有限公司@d2018 | |
| 215 | @a189页@c图@d26cm | |
| 300 | @a普通高等院校“十二五”规划教材 | |
| 320 | @a |a有书目 (第189页) | |
| 330 | @a本书内容包括:土壤肥料概述、土壤的形成与组成、土壤的基本性质、土壤的利用及改良、植物营养与施肥、化学肥料及其使用技术等。 | |
| 510 | 1 | @aSoil and fertilizer@zeng |
| 606 | 0 | @a土壤肥力@Atu rang fei li@x高等学校@j教材 |
| 690 | @aS158@v5 | |
| 701 | 0 | @a刘新强@Aliu xin qiang@4主编 |
| 701 | 0 | @a彭杰@Apeng jie@4主编 |
| 701 | 0 | @a支金虎@Azhi jin hu@4主编 |
| 801 | 0 | @aCN@b北京卓展文化@c20191020 |
| 905 | @b1196513-6@dS158@e106@f4 | |
| 土壤肥料= Soil and fertilizer/刘新强, 彭杰, 支金虎主编.-西安:世界图书出版西安有限公司,2018 |
| 189页:图;26cm |
| 普通高等院校“十二五”规划教材 |
| ISBN 978-7-5192-0034-3:CNY26.80 |
| 本书内容包括:土壤肥料概述、土壤的形成与组成、土壤的基本性质、土壤的利用及改良、植物营养与施肥、化学肥料及其使用技术等。 |
| ● |
| 相关链接 |
|
|
|
|
正题名:土壤肥料
索取号:S158/106
 
预约/预借
| 序号 | 登录号 | 条形码 | 馆藏地/架位号 | 状态 | 备注 |
| 1 | 1196513 | 211965131 | 第二样本阅览室/ [索取号:S158/106] | 在馆 | |
| 2 | 1196514 | 211965140 | 第三借阅区/ [索取号:S158/106] | 在馆 | |
| 3 | 1196515 | 211965159 | 第三借阅区/ [索取号:S158/106] | 在馆 | |
| 4 | 1196516 | 211965168 | 第三借阅区/ [索取号:S158/106] | 在馆 |